000 00560nam a2200181Ia 4500
003 GCL
008 140319s9999 xx 000 0 ara d
040 _aGCL /
_cGCL
082 0 4 _a842
_bس س
100 1 _aعبدالمنعم الحفنى
245 1 0 _aسجناء الطونا /
_cعبدالمنعم الحفنى
700 1 _aسارتر ، جان بول
300 _a288 ص
490 _aمكتبة الدراما
_v0
650 0 4 _aالمسرحيات الفرنسية
650 0 4 _aالمسرحيات الفرنسية المترجمة
942 _2ddc
_cBK
999 _c47067
_d47067